000 00590nam a2200181Ia 4500
008 100917s9999 xx 000 0 und d
082 _b55308
100 _aकोल्हटकर बाळ
245 _aदुरिताचे तिमिर जावो
260 _bजोशी ब्रदर्स
_c1975
300 _a95
365 _b6
520 _aबालविभाग
630 _aदुरिताचे तिमिर जावो
650 _aबालविभाग
730 _aदुरिताचे तिमिर जावो
942 _cBOOK
999 _c660702
_d660699